Cómo surgieron los faraones : los orígenes de la estratificación social en el antiguo Egipto /

محفوظ في:

المؤلف الرئيسي: Castillos, Juan José, 1944- (مؤلف)

التنسيق: كتاب

اللغة: Spanish

منشور في: Montevideo : Editions Maat, 2009.

الموضوعات:

الوسوم: إضافة وسم

لا توجد وسوم, كن أول من يضع وسما على هذه التسجيلة!

رقم الطلب: JC66 .C21

LEADER 00916nam a22002657a 4500
003 OSt
005 20250827104405.0
008 270303s2009 uy g b 001 0 spa d
020 |a 9789974966451 
040 |c ARCE Library 
043 |a f-ua--- 
050 1 4 |a JC66   |b .C21  
100 1 |a Castillos, Juan José,  |d 1944-  |e author  |9 27815 
245 1 0 |a Cómo surgieron los faraones :   |b los orígenes de la estratificación social en el antiguo Egipto /   |c Juan José Castillos. 
264 1 |a Montevideo :   |b Editions Maat,   |c 2009. 
300 |a 116 pages :   |b illustrations, port. ;   |c 22 cm. 
500 |a OCLC 718713335 
504 |a Includes bibliographical references and index. 
650 0 |a Social classes  |z Egypt. 
651 0 |a Egypt  |x Politics and government  |y To 332 B.C. 
651 0 |a Egypt  |x Social conditions. 
651 0 |a Egypt   |x Social life and customs. 
901 |a reviewed 
942 |c BK  |2 lcc 
999 |c 22124  |d 22124